000 00603nam a22002177a 4500
003 UA-OsUOA
001 102423
007 ta
008 20130913b un ||||| |||| 00| 0 ukr d
100 _aБобиль В.
090 _a330
_bБ72
942 _cSA
040 _aUA-OsUOA
_bukr
_cUA-OsUOA
_dUA-OsUOA
245 _aРозвиток альтернативного банкінгу в Україні
300 _aС.75-82
955 _a0
041 _aukr
080 _a330
773 0 _w102416
_tБанківська справа
_dК.
_d2013
_g6
650 7 _a330 Економіка взагалі
_2UDC
999 _c388646
_d388646